000
00295nam a22001337a 4500
008
180924b xxu||||| |||| 00| 0 eng d
020
_a
9780691088846
041
_a
eng
080
_a
321
100
_a
19
101
_a
SHP
245
_a
Democracy and the Foreigner
_c
Honig, B
942
_2
udc
_c
BK
999
_c
48354
_d
48354